000 00670nam a22001817a 4500
008 160301b xxu||||| |||| 00| 0 eng d
050 _aRC87.S291 1972
100 _aSt. John Anbulance [et al...]
_922646
245 _aFirst aid Manual
_cby St. John Ambulance , St Andrew Ambulance Assocoation and the British Red Cross Society
250 _a3rd ed
260 _aGreat Britain
_bSt. John Ambulance Association
_c1972
300 _a223p. ;
_c21cm.
650 _aFirst aid in illness and injury
_922647
650 _aFirst aid
_922648
710 _aSt Andrew's Ambulance Association
_922861
710 _aThe British Red Cross Society
_922862
942 _2lcc
_cMONOGRAPH
999 _c124274
_d124274